000 nam a22 7a 4500
999 _c10876
_d10876
008 180306b ||||| |||| 00| 0 eng d
100 _aSharma,J.P.etal.
_9707
245 _aScience in Life Today-III
260 _aNew Delhi
_bPrachi
_c2016